[Event "TUR Cup"]
[Site "Adapazari"]
[Date "2022.03.31"]
[Round "10"]
[White "Isik, Ege"]
[Black "Aydogdu, Aril"]
[Result "0-1"]
[WhiteElo "1214"]
[BlackElo "1588"]
[PlyCount "102"]
[EventDate "2022.03.25"]
[EventType "swiss"]
[EventRounds "11"]
[EventCountry "TUR"]
[SourceTitle "EXT 2023"]
[Source "ChessBase"]
[SourceDate "2022.10.05"]
[SourceVersion "1"]
[SourceVersionDate "2022.10.05"]
[SourceQuality "1"]

1. e4 c5 2. Nf3 Nc6 3. d4 cxd4 4. Nxd4 Nf6 5. Nc3 g6 6. Be3 d6 7. Be2 Bg7 8. 0-0 Bd7 9. Qd2 0-0 10. f4 Nxd4 11. Bxd4 Bc6 12. Bf3 Qd7 13. e5 dxe5 14. fxe5 Ne8 15. Bxc6 Qxc6 16. Qe3 b6 17. Rae1 Nc7 18. Qg3 Rad8 19. Be3 Ne6 20. Rd1 Rxd1 21. Rxd1 Rd8 22. Rxd8+ Nxd8 23. Qh4 Qe6 24. Nb5 a6 25. Nc7 Qxe5 26. Bxb6 Qxb2 27. Na8 Qc1+ 28. Kf2 Qxc2+ 29. Kg1 Qb1+ 30. Kf2 Qc2+ 31. Kg1 Qb1+ 32. Kf2 Qc2+ 33. Kg1 Qd1+ 34. Kf2 Qd2+ 35. Kg1 Ne6 36. h3 Bd4+ 37. Bxd4 Qxd4+ 38. Qxd4 Nxd4 39. Nc7 a5 40. Nd5 e5 41. Kf2 f5 42. Ke3 Kf7 43. Nb6 Ke6 44. g3 Nc6 45. h4 Nb4 46. Kf3 Nd5 47. Na4 e4+ 48. Ke2 Ke5 49. Nb2 Kd4 50. Kd2 Nc3 51. Ke1 a4 0-1